Steden van Limburg (Nederland) - Statistics

General Stats
  • This quiz has been taken 80 times
  • The average score is 6 of 13
Answers on the Map
Answers color-coded by a green-red scale on the quiz's map according to % correct below.
 
Answer Stats
answer % Correct
Maastricht | Maestricht
99%
Venlo
96%
Roermond | Ruremonde | Rurmund | Rühremonde
88%
Sittard
82%
Valkenburg | Falkenburg | Fauquemont
66%
Weert
61%
Echt
45%
Susteren
33%
Gennep
21%
Nieuwstadt
19%
Montfort
12%
Wessem
12%
Kessel
6%
No matching quizzes found
Score Distribution
Percent of People with Each Score
Percentile by Number Answered
Your Score History
You have not taken this quiz